| 000 | 00843nam a2200133Ia 4500 | ||
|---|---|---|---|
| 008 | 171212s9999 xx 000 0 und d | ||
| 020 | _a9780833031808 | ||
| 100 | _aHosek, James;Asch, Beth J.;Fair, C. Christine;Martin, Craig;Mattock, Michael | ||
| 245 |
_cHosek, James;Asch, Beth J.;Fair, C. Christine;Martin, Craig;Mattock, Michael _aMarried to the Military _bThe Employment and Earnings of Military Wives Compared with Those of Civilian Wives |
||
| 260 |
_bRAND Corporation _c2002 |
||
| 650 | _aManagement & Organizational Behavior | ||
| 650 | _aMilitary spouses -- Employment -- United States; Military spouses -- Salaries, etc. -- United States; Wives -- Employment -- United States; Wives -- Salaries, etc. -- United States; United States -- Armed Forces -- Recruiting, enlistment, etc. | ||
| 856 | _uwww.jstor.org/stable/10.7249/mr1565osd | ||
| 999 |
_c352300 _d352300 |
||